| 000 | 00861nam a22002537a 4500 | ||
|---|---|---|---|
| 003 | dpl | ||
| 005 | 20180803145818.0 | ||
| 008 | 180803b xxu||||| |||| 00| 0 eng d | ||
| 010 | _aA-896875 | ||
| 020 |
_c00.00 _a0195640519 |
||
| 035 | _aA-896875, A-896876 | ||
| 037 | _bCen Lib/Ret | ||
| 040 |
_aDPL _bEN _c0 |
||
| 082 |
_a333.91 _bSAT |
||
| 100 |
_aSatyajit Singh _918790 |
||
| 245 |
_aTaming the waters : _cby Satyajit Singh _bthe political economy of large dams in India / |
||
| 260 |
_aNew Delhi _bOxford University Press _c1997 |
||
| 270 |
_bNew Delhi _a YMCA Library Building, Jai Singh Road _e110001 |
||
| 300 |
_axiv,270p. _c22cm(Hb) |
||
| 500 | _aIncludes bibliographical references and index | ||
| 650 |
_aDams -- Economic aspects. _918791 |
||
| 650 |
_aDams -- Political aspects. _918792 |
||
| 942 |
_2ddc _cEN _h333.91 _mSAT |
||
| 999 |
_c126898 _d126898 |
||